[Event "HUN-chT2 Erkel 0809"]
[Site "Hungary"]
[Date "2009.03.08"]
[Round "9.5"]
[White "Vincze, Istvan"]
[Black "Farsang, Peter"]
[Result "1-0"]
[WhiteElo "2255"]
[BlackElo "2072"]
[PlyCount "49"]
[EventDate "2008.10.26"]
[EventType "tourn"]
[EventRounds "11"]
[EventCountry "HUN"]
[SourceTitle "EXT 2010"]
[Source "ChessBase"]
[SourceDate "2010.11.25"]
[SourceVersion "1"]
[SourceVersionDate "2010.11.25"]
[SourceQuality "1"]
[WhiteTeam "TTC"]
[BlackTeam "Foti"]
[WhiteTeamCountry "HUN"]
[BlackTeamCountry "HUN"]

1. d4 Nf6 2. c4 g6 3. Nc3 d5 4. cxd5 Nxd5 5. e4 Nxc3 6. bxc3 Bg7 7. Qa4+ Bd7 8. Qa3 0-0 9. Bg5 Re8 10. Nf3 b6 11. Be2 c5 12. d5 Bg4 13. h3 Bxf3 14. Bxf3 Nd7 15. 0-0 Qc7 16. Rad1 a6 17. c4 Bf6 18. d6 exd6 19. Bxf6 Nxf6 20. e5 Ra7 21. exf6 Qd8 22. Qb2 Re6 23. Rfe1 Qxf6 24. Qxb6 Rxe1+ 25. Rxe1 1-0

[Event "Niederoesterreich Landesliga 0607"]
[Site "Austria"]
[Date "2006.11.26"]
[Round "6"]
[White "Penz, Harald"]
[Black "Vincze, Istvan"]
[Result "1/2-1/2"]
[WhiteElo "2309"]
[BlackElo "2254"]
[PlyCount "54"]
[EventDate "2006.09.17"]
[EventType "team-tourn"]
[EventRounds "11"]
[EventCountry "AUT"]
[SourceTitle "EXT 2022"]
[Source "ChessBase"]
[SourceDate "2021.10.06"]
[SourceVersion "1"]
[SourceVersionDate "2021.10.06"]
[SourceQuality "1"]

1. e4 e5 2. Nf3 Nc6 3. Bc4 Bc5 4. d3 Nf6 5. 0-0 0-0 6. Bg5 h6 7. Bh4 Be7 8. Bb3 d6 9. h3 Na5 10. Nc3 c6 11. d4 Nh5 12. Bxe7 Qxe7 13. Re1 Nxb3 14. axb3 Nf4 15. Ne2 Nxe2+ 16. Rxe2 a6 17. dxe5 dxe5 18. Rd2 f5 19. Qe2 fxe4 20. Qxe4 Bxh3 21. Qxe5 Rae8 22. Qg3 Bf5 23. Re1 Qb4 24. Rxe8 Rxe8 25. Qc7 Qe7 26. Qxe7 Rxe7 27. b4 Kf7 1/2-1/2

[Event "HUN-chT2 Charousek 0203"]
[Site "Hungary"]
[Date "2002.12.08"]
[Round "4.1"]
[White "Vincze, Istvan"]
[Black "Zupe, Miran"]
[Result "1/2-1/2"]
[WhiteElo "2249"]
[BlackElo "2378"]
[PlyCount "36"]
[EventDate "2002.09.22"]
[EventType "team-tourn"]
[EventRounds "11"]
[EventCountry "HUN"]
[SourceTitle "EXT 2004"]
[Source "ChessBase"]
[SourceDate "2003.11.25"]
[SourceVersion "1"]
[SourceVersionDate "2003.11.25"]
[SourceQuality "1"]
[WhiteTeam "Vizugy"]
[BlackTeam "Lenti"]
[WhiteTeamCountry "HUN"]
[BlackTeamCountry "HUN"]

1. d4 c6 2. c4 d6 3. Nc3 g6 4. e4 Bg7 5. Nge2 a6 6. a4 a5 7. Bg5 h6 8. Be3 Nf6 9. f3 Nbd7 10. Qd2 e5 11. d5 c5 12. g3 h5 13. Nb5 Bf8 14. Bh3 Be7 15. Nc1 h4 16. Qg2 Nb6 17. Bxc8 Nxc8 18. Nd3 Qd7 1/2-1/2

[Event "HUN-chT 0102"]
[Site "Hungary"]
[Date "2002.01.13"]
[Round "5"]
[White "Vincze, Istvan"]
[Black "Szuk, Balazs"]
[Result "0-1"]
[WhiteElo "2261"]
[BlackElo "2360"]
[PlyCount "68"]
[EventDate "2001.??.??"]
[EventType "team-tourn"]
[EventRounds "11"]
[EventCountry "HUN"]
[SourceTitle "EXT 2004"]
[Source "ChessBase"]
[SourceDate "2003.11.25"]
[SourceVersion "1"]
[SourceVersionDate "2003.11.25"]
[SourceQuality "1"]

1. d4 Nf6 2. c4 g6 3. Nc3 Bg7 4. e4 d6 5. Nge2 e5 6. d5 Na6 7. Ng3 h5 8. Be2 h4 9. Nf1 Nc5 10. Bg5 Bh6 11. Bxh4 g5 12. Bg3 Nfxe4 13. Nxe4 Nxe4 14. Qc2 f5 15. Bh5+ Kf8 16. Be2 g4 17. f3 Nxg3 18. Nxg3 Bf4 19. Nxf5 g3 20. Bd3 Rxh2 21. Rxh2 gxh2 22. Ke2 Qg5 23. g4 Bxf5 24. Bxf5 Qh6 25. Be6 Kg7 26. Qf5 Rf8 27. Qh5 Qxh5 28. gxh5 Kh6 29. Bg4 Kg5 30. Kf2 e4 31. Kg2 e3 32. Re1 c6 33. Rd1 Re8 34. Be6 cxd5 0-1

[Event "HUN-chT 0102"]
[Site "Hungary"]
[Date "2001.09.30"]
[Round "1"]
[White "Vincze, Istvan"]
[Black "Horvath, Julia"]
[Result "0-1"]
[WhiteElo "2261"]
[BlackElo "2294"]
[PlyCount "76"]
[EventDate "2001.??.??"]
[EventType "team-tourn"]
[EventRounds "11"]
[EventCountry "HUN"]
[SourceTitle "EXT 2004"]
[Source "ChessBase"]
[SourceDate "2003.11.25"]
[SourceVersion "1"]
[SourceVersionDate "2003.11.25"]
[SourceQuality "1"]

1. d4 f5 2. Bg5 c6 3. c4 Qa5+ 4. Nc3 d5 5. e3 e6 6. a3 Nd7 7. b4 Qc7 8. Rc1 a5 9. Qb3 axb4 10. axb4 Ngf6 11. Nf3 h6 12. Bf4 Qd8 13. Bd3 g5 14. Bg3 Bg7 15. 0-0 0-0 16. cxd5 Nxd5 17. Na4 Qe7 18. Rb1 g4 19. Nh4 Qg5 20. e4 fxe4 21. Bxe4 Bxd4 22. Bc2 b5 23. Qd3 Qg7 24. Rfe1 bxa4 25. Rxe6 Nc5 26. bxc5 Bxe6 27. Rb7 Rf7 28. Rxf7 Kxf7 29. Nf5 Bxf5 30. Qxf5+ Qf6 31. Qh5+ Kg7 32. Qxg4+ Kh8 33. Qe4 Qg7 34. Qe6 Rf8 35. Bd3 a3 36. Bc4 Qf6 37. Qe4 Bxf2+ 38. Kh1 Qa1+ 0-1

[Event "EU-chT Railways USIC"]
[Site "Dresden"]
[Date "2000.06.24"]
[Round "7.6"]
[White "Vincze, Istvan"]
[Black "Kabon, Jan"]
[Result "1/2-1/2"]
[WhiteElo "2229"]
[BlackElo "2044"]
[PlyCount "45"]
[EventDate "2000.06.19"]
[EventType "team-swiss"]
[EventRounds "7"]
[EventCountry "GER"]
[SourceTitle "EXT 2002"]
[Source "ChessBase"]
[SourceDate "2001.11.25"]
[SourceVersion "1"]
[SourceVersionDate "2001.11.25"]
[SourceQuality "1"]
[WhiteTeam "Hungary (USIC)"]
[BlackTeam "Czech Republic (USIC)"]
[WhiteTeamCountry "HUN"]
[BlackTeamCountry "CZE"]

1. d4 Nf6 2. c4 g6 3. Nc3 Bg7 4. e4 d6 5. Nge2 0-0 6. Ng3 c6 7. Be2 e5 8. d5 cxd5 9. cxd5 a6 10. a4 b6 11. h4 h5 12. Bg5 Nbd7 13. Nf1 Qe8 14. Qd2 Nh7 15. Be3 Rb8 16. Rc1 Ndf6 17. f3 b5 18. axb5 axb5 19. Nxb5 Rxb5 20. Rxc8 Qxc8 21. Bxb5 Qb7 22. Qe2 Rb8 23. Bc6 1/2-1/2

[Event "HUN-chT2 9900"]
[Site "Hungary"]
[Date "2000.02.27"]
[Round "8"]
[White "Vincze, Istvan"]
[Black "Porubszky Angyalosine, Maria A"]
[Result "1-0"]
[WhiteElo "2230"]
[BlackElo "2194"]
[PlyCount "63"]
[EventDate "1999.09.26"]
[EventType "team-tourn"]
[EventRounds "11"]
[EventCountry "HUN"]
[SourceTitle "EXT 2002"]
[Source "ChessBase"]
[SourceDate "2001.11.25"]
[SourceVersion "1"]
[SourceVersionDate "2001.11.25"]
[SourceQuality "1"]

1. d4 d5 2. c4 e6 3. Nf3 Be7 4. Qc2 Nf6 5. Bg5 c6 6. e3 Nbd7 7. Nc3 0-0 8. a3 Re8 9. Rd1 Qa5 10. Bd3 h6 11. Bh4 c5 12. 0-0 cxd4 13. Nxd4 dxc4 14. Bxc4 a6 15. Ba2 Nf8 16. Qe2 Bd7 17. e4 Ng6 18. Nb3 Qc7 19. Bg3 e5 20. Rc1 Qb6 21. Nd2 Qxb2 22. Qd1 Qxa3 23. Nc4 Qc5 24. Nd5 Nxd5 25. Nxe5 Nc3 26. Bxf7+ Kh7 27. Bxg6+ Kh8 28. Rxc3 Qxc3 29. Qxd7 Qc8 30. Nf7+ Kg8 31. Nxh6+ gxh6 32. Qd5+ 1-0

[Event "HUN-chT2 9900"]
[Site "Hungary"]
[Date "1999.11.21"]
[Round "5"]
[White "Vincze, Istvan"]
[Black "Bartha, Sandor"]
[Result "0-1"]
[WhiteElo "2230"]
[BlackElo "2245"]
[PlyCount "68"]
[EventDate "1999.09.26"]
[EventType "team-tourn"]
[EventRounds "11"]
[EventCountry "HUN"]
[SourceTitle "EXT 2002"]
[Source "ChessBase"]
[SourceDate "2001.11.25"]
[SourceVersion "1"]
[SourceVersionDate "2001.11.25"]
[SourceQuality "1"]

1. d4 d5 2. c4 c6 3. Nf3 Nf6 4. Qc2 e6 5. Bg5 Be7 6. e3 0-0 7. Nc3 h6 8. Bh4 Nbd7 9. a3 Re8 10. Rd1 Qa5 11. Bd3 a6 12. 0-0 b5 13. b4 Qd8 14. c5 Nh5 15. Bxe7 Qxe7 16. Ne5 Nxe5 17. dxe5 g6 18. f4 Ng7 19. e4 Qc7 20. Qf2 a5 21. g4 Rd8 22. Qh4 axb4 23. axb4 Ra3 24. exd5 exd5 25. Ne2 Re8 26. Nd4 Ra2 27. h3 h5 28. Ra1 Rd2 29. Rf3 Rb2 30. Rb1 Rxb1+ 31. Bxb1 Qa7 32. gxh5 Qa1 33. Rf1 Qxd4+ 34. Kh1 Nxh5 0-1

[Event "HUN-chT 9899"]
[Site "Hungary"]
[Date "1999.??.??"]
[Round "?"]
[White "Vincze, Istvan"]
[Black "Czebe, Attila"]
[Result "1-0"]
[WhiteElo "2240"]
[BlackElo "2455"]
[PlyCount "37"]
[EventDate "1998.??.??"]
[EventType "team-tourn"]
[EventRounds "12"]
[EventCountry "HUN"]
[SourceTitle "EXT 2000"]
[Source "ChessBase"]
[SourceDate "1999.11.16"]
[SourceVersion "1"]
[SourceVersionDate "1999.11.16"]
[SourceQuality "1"]

1. d4 b6 2. e4 Bb7 3. d5 e6 4. c4 Bb4+ 5. Bd2 Qe7 6. Bxb4 Qxb4+ 7. Qd2 Na6 8. Nc3 c6 9. d6 Nf6 10. a3 Qa5 11. Nf3 b5 12. b4 Nxb4 13. e5 Ng4 14. Be2 bxc4 15. 0-0 Nd3 16. Rab1 Ba6 17. Nb5 c3 18. Qg5 Bxb5 19. Qe7# 1-0

[Event "HUN-chT 9899"]
[Site "Hungary"]
[Date "1999.??.??"]
[Round "?"]
[White "Vincze, Istvan"]
[Black "Kovacs, Gabor H"]
[Result "1/2-1/2"]
[WhiteElo "2240"]
[BlackElo "2340"]
[PlyCount "23"]
[EventDate "1998.??.??"]
[EventType "team-tourn"]
[EventRounds "12"]
[EventCountry "HUN"]
[SourceTitle "EXT 2000"]
[Source "ChessBase"]
[SourceDate "1999.11.16"]
[SourceVersion "1"]
[SourceVersionDate "1999.11.16"]
[SourceQuality "1"]

1. d4 Nf6 2. c4 e6 3. Nc3 Bb4 4. e3 c5 5. Bd3 Nc6 6. Nge2 cxd4 7. exd4 d5 8. cxd5 Nxd5 9. 0-0 Nxc3 10. bxc3 Be7 11. Qc2 Qa5 12. Rb1 1/2-1/2

[Event "HUN-chT 9798"]
[Site "Hungary"]
[Date "1998.??.??"]
[Round "?"]
[White "Anka, Emil"]
[Black "Vincze, Istvan"]
[Result "1-0"]
[WhiteElo "2450"]
[BlackElo "2300"]
[PlyCount "77"]
[EventDate "1997.??.??"]
[EventType "team-tourn"]
[EventRounds "12"]
[EventCountry "HUN"]
[SourceTitle "EXT 2000"]
[Source "ChessBase"]
[SourceDate "1999.11.16"]
[SourceVersion "1"]
[SourceVersionDate "1999.11.16"]
[SourceQuality "1"]

1. e4 Nf6 2. e5 Nd5 3. d4 d6 4. Nf3 Nb6 5. a4 a5 6. Bb5+ c6 7. Bd3 dxe5 8. Nxe5 Be6 9. c3 N8d7 10. Nf3 g6 11. Nbd2 Bg4 12. h3 Bxf3 13. Nxf3 Bg7 14. 0-0 0-0 15. Re1 e6 16. Bf4 Nd5 17. Bd6 Re8 18. Qd2 Qb6 19. Bg3 Rad8 20. Bc4 Ne7 21. Qc2 Nf5 22. Bh2 Nf6 23. Re2 Nd5 24. Bd3 Nfe7 25. Ne5 Bh6 26. Ng4 Bg7 27. Rae1 Nf6 28. Ne5 Ned5 29. Qc1 Nd7 30. Nc4 Qa7 31. Bg3 N7b6 32. Nd6 Rf8 33. Bc2 Nd7 34. Bb3 N7f6 35. Nc4 Rd7 36. Ne5 Rdd8 37. Bh4 Rfe8 38. Bxd5 Rxd5 39. Qf4 1-0

[Event "HUN-chT 9899"]
[Site "Hungary"]
[Date "1998.??.??"]
[Round "?"]
[White "Horvath, Csaba"]
[Black "Vincze, Istvan"]
[Result "1-0"]
[WhiteElo "2540"]
[BlackElo "2240"]
[PlyCount "83"]
[EventDate "1998.??.??"]
[EventType "team-tourn"]
[EventRounds "12"]
[EventCountry "HUN"]
[SourceTitle "EXT 2000"]
[Source "ChessBase"]
[SourceDate "1999.11.16"]
[SourceVersion "1"]
[SourceVersionDate "1999.11.16"]
[SourceQuality "1"]

1. d4 Nf6 2. Nf3 e6 3. g3 b5 4. Bg2 Bb7 5. Bg5 c5 6. c3 cxd4 7. cxd4 Qa5+ 8. Nbd2 Be7 9. 0-0 0-0 10. e4 h6 11. Bh4 d6 12. e5 dxe5 13. dxe5 Nd5 14. Ne4 Bxh4 15. Nxh4 Nd7 16. Nd6 Bc6 17. Nhf5 Nxe5 18. Bxd5 exf5 19. Re1 Bxd5 20. Qxd5 Ng6 21. a4 Rad8 22. axb5 Qb4 23. Red1 Rd7 24. Qd4 Qb3 25. Qc5 Rfd8 26. Rd4 Qe6 27. Rad1 Ne5 28. Rd5 Nf3+ 29. Kg2 Ng5 30. f3 Qe2+ 31. Qf2 Qe6 32. Qd2 g6 33. Re1 Rxd6 34. Rxe6 Rxd5 35. Re8+ Rxe8 36. Qxd5 Re2+ 37. Kf1 Rxh2 38. Qa8+ Kg7 39. Qxa7 Nxf3 40. Qe3 Ng5 41. b6 Kh7 42. Qb3 1-0

[Event "AUT-chT2O 9697"]
[Site "Austria"]
[Date "1997.??.??"]
[Round "11"]
[White "Tibensky, Robert"]
[Black "Vincze, Istvan"]
[Result "1-0"]
[WhiteElo "2425"]
[BlackElo "2340"]
[PlyCount "51"]
[EventDate "1996.??.??"]
[EventType "team-tourn"]
[EventRounds "11"]
[EventCountry "AUT"]
[SourceTitle "EXT 1998"]
[Source "ChessBase"]
[SourceDate "1997.11.17"]
[SourceVersion "1"]
[SourceVersionDate "1997.11.17"]
[SourceQuality "1"]

1. d4 Nf6 2. Nf3 e6 3. e3 b6 4. Bd3 c5 5. 0-0 Be7 6. c4 cxd4 7. exd4 d5 8. Nc3 0-0 9. Re1 Nc6 10. a3 dxc4 11. Bxc4 Bb7 12. Ba2 Rc8 13. Qd3 Rc7 14. Bg5 Rd7 15. Rad1 Qa8 16. h3 Rfd8 17. Qe3 Nd5 18. Nxd5 exd5 19. Bb1 Bxg5 20. Qxg5 Rd6 21. Bxh7+ Kxh7 22. Qh5+ Kg8 23. Ng5 Rh6 24. Qxf7+ Kh8 25. Re6 Rxe6 26. Nxe6 1-0

[Event "Visegrad op"]
[Site "Visegrad"]
[Date "1997.??.??"]
[Round "8"]
[White "Vincze, Istvan"]
[Black "Bokros, Albert"]
[Result "1/2-1/2"]
[WhiteElo "2300"]
[BlackElo "2260"]
[PlyCount "37"]
[EventDate "1997.??.??"]
[EventType "swiss"]
[EventRounds "7"]
[EventCountry "HUN"]
[SourceTitle "EXT 2001"]
[Source "ChessBase"]
[SourceDate "2000.11.22"]
[SourceVersion "1"]
[SourceVersionDate "2000.11.22"]
[SourceQuality "1"]

1. d4 Nf6 2. c4 e6 3. Nc3 Bb4 4. e3 0-0 5. Nge2 d5 6. cxd5 Nxd5 7. e4 Nxc3 8. bxc3 Be7 9. g3 b6 10. Bg2 Bb7 11. 0-0 c5 12. Be3 Nc6 13. Qa4 cxd4 14. cxd4 Rc8 15. Rac1 Na5 16. Bd2 Nc6 17. Be3 Na5 18. Bd2 Nc6 19. Be3 1/2-1/2

[Event "Visegrad op"]
[Site "Visegrad"]
[Date "1997.??.??"]
[Round "5"]
[White "Vincze, Istvan"]
[Black "Czebe, Attila"]
[Result "0-1"]
[WhiteElo "2300"]
[BlackElo "2325"]
[PlyCount "56"]
[EventDate "1997.??.??"]
[EventType "swiss"]
[EventRounds "7"]
[EventCountry "HUN"]
[SourceTitle "EXT 2001"]
[Source "ChessBase"]
[SourceDate "2000.11.22"]
[SourceVersion "1"]
[SourceVersionDate "2000.11.22"]
[SourceQuality "1"]

1. d4 e6 2. e4 d5 3. exd5 exd5 4. Bd3 Nc6 5. c3 Bd6 6. Qf3 Be6 7. Ne2 Qd7 8. Bf4 Be7 9. Qe3 h6 10. h4 Nf6 11. h5 0-0-0 12. f3 Na5 13. b3 Rhe8 14. g4 Kb8 15. Qf2 Ka8 16. Qg3 Rc8 17. Nd2 c5 18. Kf1 cxd4 19. Nxd4 Rxc3 20. Nb5 Rec8 21. Nxc3 Rxc3 22. Ke2 Nc6 23. Rac1 Nd4+ 24. Ke3 Qc6 25. Rxc3 Qxc3 26. Bd6 Bf5 27. Bxe7 Qxd3+ 28. Kf2 Qxd2+ 0-1

[Event "Visegrad op"]
[Site "Visegrad"]
[Date "1997.??.??"]
[Round "?"]
[White "Vincze, Istvan"]
[Black "Peter, Ambrus"]
[Result "1-0"]
[WhiteElo "2300"]
[BlackElo "2455"]
[PlyCount "105"]
[EventDate "1997.??.??"]
[EventType "swiss"]
[EventRounds "7"]
[EventCountry "HUN"]
[SourceTitle "EXT 2001"]
[Source "ChessBase"]
[SourceDate "2000.11.22"]
[SourceVersion "1"]
[SourceVersionDate "2000.11.22"]
[SourceQuality "1"]

1. d4 Nf6 2. c4 e6 3. Nc3 Bb4 4. e3 c5 5. Bd3 d5 6. cxd5 Nxd5 7. Nge2 cxd4 8. exd4 0-0 9. 0-0 Nc6 10. Be4 Bd6 11. Nxd5 exd5 12. Bf3 Bf5 13. Bf4 Bxf4 14. Nxf4 Qb6 15. b3 Qxd4 16. Qxd4 Nxd4 17. Bxd5 Rab8 18. Rad1 Nb5 19. Rc1 g5 20. Nh5 Rfd8 21. Rfd1 Bg6 22. Ng3 Rd7 23. Bc4 Rxd1+ 24. Rxd1 Nc3 25. Rd2 b5 26. Be2 Re8 27. Kf1 b4 28. Bh5 Kg7 29. Bxg6 hxg6 30. Ne2 Ne4 31. Rd4 a5 32. Rd5 g4 33. f3 gxf3 34. gxf3 Nc3 35. Nxc3 bxc3 36. Rc5 Re3 37. Kf2 Rd3 38. Rxa5 Rd2+ 39. Ke3 Rxh2 40. a4 c2 41. Rc5 f5 42. a5 f4+ 43. Kxf4 Rh4+ 44. Kg3 Rb4 45. Rxc2 Rxb3 46. Ra2 Rb7 47. a6 Ra7 48. Kg4 Kf6 49. f4 Kf7 50. Ra5 Kf6 51. Kf3 Ke6 52. Ke4 Kd6 53. Kd4 1-0

[Event "HUN-chT 9798"]
[Site "Hungary"]
[Date "1997.??.??"]
[Round "?"]
[White "Vincze, Istvan"]
[Black "Portisch, Ferenc"]
[Result "0-1"]
[WhiteElo "2300"]
[BlackElo "2370"]
[PlyCount "65"]
[EventDate "1997.??.??"]
[EventType "team-tourn"]
[EventRounds "12"]
[EventCountry "HUN"]
[SourceTitle "EXT 2000"]
[Source "ChessBase"]
[SourceDate "1999.11.16"]
[SourceVersion "1"]
[SourceVersionDate "1999.11.16"]
[SourceQuality "1"]

1. d4 Nf6 2. c4 g6 3. Nc3 Bg7 4. e4 d6 5. Nge2 0-0 6. Ng3 c5 7. d5 e6 8. Be2 Na6 9. 0-0 Nc7 10. Bg5 h6 11. Be3 exd5 12. cxd5 Qe8 13. Bf4 Qe7 14. Qd2 g5 15. Be3 b5 16. f4 b4 17. fxg5 hxg5 18. Nd1 Nxe4 19. Nxe4 Qxe4 20. Bf3 Qe5 21. Bxg5 Qd4+ 22. Qxd4 Bxd4+ 23. Be3 Ba6 24. Re1 Rfe8 25. Kf2 Be5 26. a3 bxa3 27. Rxa3 Bc4 28. Nc3 Rab8 29. Nd1 a6 30. Bc1 Nxd5 31. Bxd5 Bxd5 32. Rxa6 Re6 33. Bd2 0-1

[Event "Papp Bela Memorial"]
[Site "Budapest"]
[Date "1997.??.??"]
[Round "?"]
[White "Vincze, Istvan"]
[Black "Szieberth, Adam"]
[Result "0-1"]
[WhiteElo "2300"]
[BlackElo "2300"]
[PlyCount "37"]
[EventDate "1997.??.??"]
[EventType "swiss"]
[EventRounds "11"]
[EventCountry "HUN"]
[SourceTitle "EXT 2002"]
[Source "ChessBase"]
[SourceDate "2001.11.25"]
[SourceVersion "1"]
[SourceVersionDate "2001.11.25"]
[SourceQuality "1"]

1. d4 Nf6 2. c4 c5 3. d5 b5 4. Nf3 b4 5. a3 Na6 6. axb4 Nxb4 7. Nc3 d6 8. e4 g6 9. e5 dxe5 10. Nxe5 Bg7 11. Be3 Bf5 12. Nd3 Nd7 13. Na4 Rb8 14. Naxc5 Nxc5 15. Bxc5 Nxd3+ 16. Bxd3 Qc7 17. Bxa7 Qe5+ 18. Be2 Rxb2 19. Be3 0-1

[Event "Kobanya op"]
[Site "Kobanya"]
[Date "1996.??.??"]
[Round "8"]
[White "Bigaliev, Renat Damirovich"]
[Black "Vincze, Istvan"]
[Result "1-0"]
[WhiteElo "2430"]
[BlackElo "2305"]
[PlyCount "97"]
[EventDate "1996.??.??"]
[EventType "swiss"]
[EventRounds "9"]
[EventCountry "HUN"]
[SourceTitle "EXT 2004"]
[Source "ChessBase"]
[SourceDate "2003.11.25"]
[SourceVersion "1"]
[SourceVersionDate "2003.11.25"]
[SourceQuality "1"]

1. e4 Nf6 2. e5 Nd5 3. d4 d6 4. Nf3 Nb6 5. Be2 g6 6. 0-0 Bg7 7. Bf4 0-0 8. Qc1 Nc6 9. h3 Nxd4 10. Nxd4 dxe5 11. Nc6 bxc6 12. Bh6 Be6 13. Bxg7 Kxg7 14. c4 Qd4 15. Na3 Rfd8 16. Rd1 Qf4 17. Qc3 Rd4 18. Nc2 Rd6 19. b3 Rad8 20. Nb4 Rxd1+ 21. Rxd1 Rxd1+ 22. Bxd1 Bd7 23. Bf3 c5 24. Na6 Qd4 25. Qe3 f6 26. Nxc5 Bc8 27. Nd3 Kf7 28. Nb4 Qxe3 29. fxe3 Bf5 30. c5 Nd7 31. Na6 Ke8 32. e4 Be6 33. Nxc7+ Kf7 34. Nxe6 Kxe6 35. b4 a5 36. Bd1 Nb8 37. b5 Kd7 38. c6+ Kc7 39. a4 Nxc6 40. bxc6 Kxc6 41. Kf2 Kc5 42. Ke3 Kc4 43. Bg4 Kc3 44. Be6 Kb4 45. Bd7 Kc3 46. h4 h6 47. Be8 Kb4 48. Kf3 f5 49. Bxg6 1-0

[Event "Kobanya op"]
[Site "Kobanya"]
[Date "1996.??.??"]
[Round "4"]
[White "Mansurov, Viacheslav"]
[Black "Vincze, Istvan"]
[Result "0-1"]
[WhiteElo "2400"]
[BlackElo "2305"]
[PlyCount "42"]
[EventDate "1996.??.??"]
[EventType "swiss"]
[EventRounds "9"]
[EventCountry "HUN"]
[SourceTitle "EXT 2004"]
[Source "ChessBase"]
[SourceDate "2003.11.25"]
[SourceVersion "1"]
[SourceVersionDate "2003.11.25"]
[SourceQuality "1"]

1. e4 Nf6 2. Nc3 d5 3. exd5 Nxd5 4. Bc4 e6 5. d4 Nxc3 6. bxc3 Be7 7. Qf3 0-0 8. Ne2 Nd7 9. 0-0 Rb8 10. Rb1 b6 11. Bd3 Bb7 12. Qh3 Nf6 13. Bg5 g6 14. Bh6 Re8 15. Rfe1 Nh5 16. Nf4 Nxf4 17. Bxf4 Bf6 18. Be5 Bxe5 19. dxe5 c5 20. Re3 Qg5 21. f4 Qe7 0-1

[Event "HUN-chT2 9596"]
[Site "Hungary"]
[Date "1995.??.??"]
[Round "5"]
[White "Harmatosi, Jozsef"]
[Black "Vincze, Istvan"]
[Result "1/2-1/2"]
[WhiteElo "2245"]
[BlackElo "2340"]
[PlyCount "66"]
[EventDate "1995.??.??"]
[EventType "team-tourn"]
[EventRounds "11"]
[EventCountry "HUN"]
[SourceTitle "EXT 2000"]
[Source "ChessBase"]
[SourceDate "1999.11.16"]
[SourceVersion "1"]
[SourceVersionDate "1999.11.16"]
[SourceQuality "1"]

1. d4 Nf6 2. Nf3 e6 3. Nbd2 d5 4. e3 Bd6 5. Bd3 b6 6. e4 Bf4 7. e5 Nfd7 8. Qe2 a5 9. 0-0 Ba6 10. c4 Nc6 11. b3 0-0 12. a3 Ne7 13. g3 Bh6 14. Rd1 c5 15. cxd5 Bxd3 16. Qxd3 Nxd5 17. Ne4 Bxc1 18. Raxc1 cxd4 19. Neg5 g6 20. Qxd4 h6 21. Ne4 Rc8 22. Rc4 b5 23. Rxc8 Qxc8 24. Qd2 Kg7 25. Rc1 Qa6 26. Nc3 N7b6 27. Nd4 b4 28. axb4 axb4 29. Ncb5 Rc8 30. Re1 Nc3 31. Nd6 Rf8 32. h4 Nbd5 33. h5 gxh5 1/2-1/2